000 01595nam a22001937a 4500
999 _c60230
_d60230
003 Ge_BSU
005 20230620165258.0
008 230620s1978 ge ||||| |||| 00| 0 geo d
041 _ageo
080 _a902.2(479.22-25) თ-11
245 _aთბილისი = Тбилиси = Tbilissi :
_bარქეოლოგიური ძეგლები. წ. 1, [უძველესი დროიდან. ძვ. წ. აღ. XI ს-მდე] /
_cრედ. რ. აბრამიშვილი; საქ. სსრ მეცნ. აკად., არქეოლ. კომისია, ივ. ჯავახიშვილის სახ. ისტორიის, არქეოლ. და ეთნოგრ. ინ-ტის არქეოლ. კვლევის ცენტრი.
264 _aთბილისი :
_bმეცნიერება,
_c1978.
300 _a214 გვ. :
_bილ. 31ფ. ილ. ;
_c29 სმ.
520 _aრეზ. რუს. და ფრ.
653 _aარქეოლოგიური გათხრები -- თბილისი.
700 _aაბრამიშვილი, რ.
_eრედაქტორი
_918429
710 _aსაქ. სსრ მეცნიერებათა აკადემია
_bივ. ჯავახიშვილის სახ. ისტორიის, არქეოლოგისაა და ეთნოგრაფიის ინსტიტუტი. არქეოლოგიური კვლევის ცენტრი.
_918838
942 _2udc
_cBK